000 00381cam a22001217a 4500
008 180718b1963 xxu||||| |||| 00| 0 eng d
082 _aA81x54 In2/61/5/Pt2A
100 _aCensus of India 1961
245 _aGujarat: general population tables
260 _aDelhi
_bThe Manager of Publications
_c1963
300 _a326+p.
440 _aCensus of India 1961. Volume V, Gujarat. Part II-A
999 _c484108
_d484108